MARC details
| 000 -CABECERA |
| campo de control de longitud fija |
02437nam a2200325 a 4500 |
| 001 - NÚMERO DE CONTROL |
| campo de control |
000048522 |
| 003 - IDENTIFICADOR DEL NÚMERO DE CONTROL |
| campo de control |
DO-SdBNP |
| 005 - FECHA Y HORA DE LA ÚLTIMA TRANSACCIÓN |
| campo de control |
20250701130548.0 |
| 007 - CAMPO FIJO DE DESCRIPCIÓN FÍSICA--INFORMACIÓN GENERAL |
| campo de control de longitud fija |
ta |
| 008 - DATOS DE LONGITUD FIJA--INFORMACIÓN GENERAL |
| campo de control de longitud fija |
190327s2017 dr ad 000 m spa d |
| 020 ## - NÚMERO INTERNACIONAL ESTÁNDAR DEL LIBRO |
| Número Internacional Estándar del Libro |
9789945891768 |
| 040 ## - FUENTE DE LA CATALOGACIÓN |
| Centro catalogador/agencia de origen |
DO-SdBNP |
| Lengua de catalogación |
spa |
| Centro/agencia transcriptor |
BNPHU |
| 082 #4 - NÚMERO DE LA CLASIFICACIÓN DECIMAL DEWEY |
| Número de documento/Ítem |
F363m |
| Número de edición |
22 |
| 100 1# - ENTRADA PRINCIPAL--NOMBRE DE PERSONA |
| Nombre de persona |
Fernández Mejía, María Amparo de |
| 9 (RLIN) |
75943 |
| 245 10 - MENCIÓN DE TÍTULO |
| Título |
Motivación y rendimiento académico en la universidad / |
| Mención de responsabilidad, etc. |
María Amparo Fernández de Mejía ; editor Rafael González, Luz Almánzar Rodríguez ; prólogos Pilar Arnáiz Sánchez, Alfonso Barca Lozano. |
| 260 ## - PUBLICACIÓN, DISTRIBUCIÓN, ETC. |
| Lugar de publicación, distribución, etc. |
Santo Domingo : |
| Nombre del editor, distribuidor, etc. |
Ministerio de Educación Superior Ciencia y Tecnología, |
| -- |
Universidad de Murcia, España, |
| Fecha de publicación, distribución, etc. |
2017. |
| 300 ## - DESCRIPCIÓN FÍSICA |
| Extensión |
436 p. : |
| Otras características físicas |
il., gráf. ; |
| Dimensiones |
28 cm. |
| 490 1# - MENCIÓN DE SERIE |
| Mención de serie |
Humanidades |
| -- |
Tesis |
| Designación de volumen o secuencia |
1 |
| 502 ## - NOTA DE TESIS |
| Nota de tesis |
Tesis - Universidad de Murcia, 2015 |
| 504 ## - NOTA DE BIBLIOGRAFÍA, ETC. |
| Nota de bibliografía, etc. |
Bibliografía : p. 366-384 |
| 505 0# - NOTA DE CONTENIDO CON FORMATO |
| Nota de contenido con formato |
Agradecimientos -- |
| Título |
Prólogo -- |
| -- |
Índice -- |
| -- |
Índice de tablas -- |
| -- |
Índice de figuras -- |
| -- |
Índice de cuadros -- |
| -- |
Introducción -- |
| -- |
Marco teórico -- |
| Información miscelánea |
Capítulo 1 |
| Título |
Aprendizaje en contextos educativos -- |
| Información miscelánea |
Capítulo 2 |
| Título |
Motivación para el aprendizaje y el rendimiento académico -- |
| Información miscelánea |
Capítulo 3 |
| Título |
Los enfoques de aprendizaje y estudio -- |
| Información miscelánea |
Capítulo 4 |
| Título |
Estrategias, motivación y regulación del aprendizaje -- |
| Información miscelánea |
Capítulo 5 |
| Título |
El autoconcepto en el ámbito académico -- |
| Información miscelánea |
Capítulo 6 |
| Título |
Rendimiento académico y aprendizaje escolar -- |
| Información miscelánea |
Capítulo 7 |
| Título |
Marco general de la investigación -- |
| Información miscelánea |
Capítulo 8 |
| Título |
Resultados de la investigación (I): datos obtenidos a partir de los instrumentos de análisis -- |
| Información miscelánea |
Capítulo 9 |
| Título |
Resultados de la investigación (II): variables presagio y rendimiento académico -- |
| Información miscelánea |
Capítulo 10 |
| Título |
Resultados de la investigación (III): variables proceso y rendimiento académico -- |
| Información miscelánea |
Capítulo 11 |
| Título |
Resultados finales y discusión de resultados -- |
| Información miscelánea |
Capítulo 12 |
| Título |
Resultados finales: verificación de objetivos, contraste de hipótesis y conclusiones -- |
| -- |
Índice de tablas -- |
| -- |
Índice de figuras -- |
| -- |
Índice de cuadros -- |
| 590 ## - NOTA LOCAL (RLIN) |
| Nota local |
Inventariado, 2019/LP |
| 700 1# - PUNTO DE ACCESO ADICIONAL--NOMBRE DE PERSONA |
| Nombre de persona |
Almánzar Rodríguez, Luz |
| 9 (RLIN) |
56217 |
| 700 1# - PUNTO DE ACCESO ADICIONAL--NOMBRE DE PERSONA |
| Nombre de persona |
González, Rafael, |
| Término indicativo de función/relación |
ed. |
| 9 (RLIN) |
24695 |
| 700 1# - PUNTO DE ACCESO ADICIONAL--NOMBRE DE PERSONA |
| Nombre de persona |
Pilar Arnáiz Sánchez, |
| Término indicativo de función/relación |
pról. |
| 9 (RLIN) |
75944 |
| 700 1# - PUNTO DE ACCESO ADICIONAL--NOMBRE DE PERSONA |
| Nombre de persona |
Barca Lozano, Alfonso, |
| Término indicativo de función/relación |
pról. |
| 9 (RLIN) |
75945 |
| 710 1# - PUNTO DE ACCESO ADICIONAL--NOMBRE DE ENTIDAD CORPORATIVA |
| Nombre de entidad corporativa o nombre de jurisdicción como elemento de entrada |
República Dominicana. |
| Unidad subordinada |
Ministerio de Educación Superior, Ciencia y Tecnología |
| 9 (RLIN) |
72559 |
| 830 #0 - PUNTO DE ACCESO ADICIONAL DE SERIE-TÍTULO UNIFORME |
| Título uniforme |
Humanidades |
| Nombre de parte o sección de la obra |
Tesis |
| Número de parte o sección de la obra |
1 |
| 9 (RLIN) |
75947 |
| 942 ## - ELEMENTOS DE PUNTO DE ACCESO ADICIONAL (KOHA) |
| Fuente del sistema de clasificación o colocación |
Dewey Decimal Classification |
| Tipo de ítem Koha |
Libro |